Proyectos enfoque gerencial /

Detalles Bibliográficos
Autor principal: Prieto Herrera, Jorge Eličer
Formato: eBook
Lenguaje:español
Publicado: Bogot:̀ ECOE, 2014
Materias:
Acceso en línea:Acceso restringido

MARC

LEADER 00000nam a22000007a 4500
005 20220211220839.0
007 cr|||| ||||
008 220211s2014 co |||||s|||| 00||0 spa d
020 |a 9789586489799 
035 |a 35886 
040 |a vLex 
090 |c 12967  |d 12967 
100 1 |a Prieto Herrera, Jorge Eličer 
245 1 0 |a Proyectos  |h [Recurso electrn̤ico] :  |b enfoque gerencial /  |c Jorge Eličer Prieto Herrera 
256 |a Servicio en ln̕ea 
260 |a Bogot:̀  |b ECOE,  |c 2014 
300 |a 1 recurso electrn̤ico 
506 1 |a Disponible solo en los productos indicados  |d vLex Global  |d vLex Global (Academic Edition, excluding Law Schools)  |d vLex Global (U.S. Academic Edition, Law Schools)  |d vLex Global (U.S. Academic Edition, excluding Law Schools)  |d vLex Global (Academic Edition, Law Schools) 
650 0 4 |a Derecho Mercantil y de la Empresa  |z Colombia 
740 0 |a vLex Libros (Servicio en ln̕ea) 
856 4 0 |u https://app.vlex.com/#/sources/35886  |z Acceso restringido 
942 |c BOOK 
999 0 |a n Commercial and Company Law